Регионална библиотека "Любен Каравелов" - Русе

Събрани съчинения (Запис номер 162866)

MARC детайли
000 -Лидер
Контролно поле с фиксирана дължина 01795nam a2200361 c 4500
003 - Код на организацията, давaща контролен номер
Контролно поле BLK
005 - Дата и час на последна редакция
Контролно поле 20240604005404.0
008 - Елементи от данни с фиксирана дължина
fixed length control field 180410b bul|||||r ||||||| ||bul||
010 ## - Наследен системен номер
LC control number KNG00170248000
040 ## - Източник на каталожния запис
Идентификатор на билиотеката - собственик на записа BLK
041 ## - Код за език
Код за езика на текст/звукозапис или на отделно заглавие Български
Код за езика КДБФ Български
080 ## - УДК
Текстов определител УДК Българска литература
УДК код - определител по УДК 821.163.2
УДК определител (081)
УДК - код + определител 821.163.2(081)
080 ## - УДК
Текстов определител УДК Българска литература
УДК код - определител по УДК 821.163.2
УДК определител -32
УДК - код + определител 821.163.2-32
100 ## - Редна дума - Автор
Автор Елин Пелин
Пълна форма на името Стоянов, Димитър Иванов
R(LIN) 363511
139 ## - Редно поле
Редна дума Елин Пелин
Авторски знак Елин Пелин - Е 53
245 10 - Сведения за заглавието
Заглавие Събрани съчинения
Подзаглавни данни В 10 т. : Т. 1 -
Редно поле (дума) Елин Пелин; под ред. на Тодор Боров; предг. от Георги Славов Караславов; ред. на текста и бел. на том Пеньо Николов Русев; * Димитър Иванов Стоянов.
Том Т. 5
Заглавие на том Повести
257 ## - Страна на издаване
Страна на създаване/издаване България
260 ## - Област на издателските данни
-- София
Име на издателя, разпространителя и проч. Бълг. писател
Година на издаване 1958 -
300 ## - Физическа характеристика
Размери/Мащаб 18 см
380 ## - Жанр
Жанр Худож. лит.
500 ## - Общи забележки
Забележка Елин Пелин - псевд. на Димитър Иванов Стоянов.
700 1# - Други автори (авторска отговорност)
Лично име Боров, Тодор
Пълна форма на името Тодоров, Тодор Цветанов
9 (RLIN) 367585
700 1# - Други автори (авторска отговорност)
Лично име Караславов, Георги Славов
Автороска отговорност (Описва отношението между автора и произведението) предг. от
9 (RLIN) 366141
700 1# - Други автори (авторска отговорност)
Лично име Русев, Пеньо Николов
Автороска отговорност (Описва отношението между автора и произведението) ред. на текста и бел. на том
9 (RLIN) 377472
700 1# - Други автори (авторска отговорност)
Лично име Стоянов, Димитър Иванов
Автороска отговорност (Описва отношението между автора и произведението) *
9 (RLIN) 365019
760 1# - Описание на основната серия
Редна дума на основното описание Елин Пелин
Място на издаване, издател и година 1958
Страници - том 372 с., 3 л. портр., 1 л. факс.
Заглавие Т. 5 Повести
852 ## - Местоположение
Форматна сигнатура Цб І 2346
856 4# - Електронен адрес и достъп
Електронен формат pdf - файл
Път до файла /url/
856 4# - Електронен адрес и достъп
Електронен формат pdf - файл
Път до файла /url/
942 ## - АРТИКУЛИ
Вид на библиотечния материал Книги
Скрит в OPAC Не
944 ## - СЪЗДАВАНЕ И РЕДАКЦИЯ на ЗАПИСА
Създаване/Редакция Създаване
Дата на регистрацията/редакция 27.01.2015
Служител, извършил регистрацията/редакцията
Статус, дата на статуса CRON CRON
944 ## - СЪЗДАВАНЕ И РЕДАКЦИЯ на ЗАПИСА
Създаване/Редакция Редакция
Дата на регистрацията/редакция 27.01.2015
Служител, извършил регистрацията/редакцията Милена_Ачева
999 ## - СИСТЕМНИ КОНТРОЛНИ НОМЕРА
Koha biblionumber 162866
Koha biblioitemnumber 162866
Наличности
Код за отписване Код за изгубен артикул Източник на класификационната схема Код за повреда Коз за рестрикции Код за отдаване Артикулен № Име на библиотеката - собственик Име на библиотеката, в която се намира в момента Статус (Текущо местоположение) Дата на вписване в системата Местоположение - отдел Цена в лева Инвентарен номер Систематично азбучна сигнатура Баркод Номер на екземпляра Цена в евро Служебна бележка Служебен тип на артикула
  Не е изгубен Universal Decimal Classification Не е повреден без рестрикции ползва се в читалня 272254 Регионална библиотека "Любен Каравелов" Русе Регионална библиотека "Любен Каравелов" Русе Хранилище 1958-01-01 Основен фонд - ползва се само за читалня 1.00 15868/58 Цб І 2346 900000025434 1 0.51 Вид: Сф N: стар фонд Дата: 01.01.1958 Книги
Изтеглен Не е изгубен Universal Decimal Classification Не е повреден без рестрикции заемане за дома 272255 Регионална библиотека "Любен Каравелов" Русе Регионална библиотека "Любен Каравелов" Русе Заемна - подръчен фонд 1958-01-01 Заемна - подръчен фонд 0.00 15865/58 П 886.7(081)/Е 53 15865/58 2 0.00 Вид: Сф N: стар фонд Дата: 01.01.1958 Книги
Изтеглен Не е изгубен Universal Decimal Classification Не е повреден без рестрикции заемане за дома 272256 Регионална библиотека "Любен Каравелов" Русе Регионална библиотека "Любен Каравелов" Русе Заемна - подръчен фонд 1958-01-01 Заемна - подръчен фонд 0.00 15866/58 П 886.7(081)/Е 53 15866/58 3 0.00 Вид: Сф N: стар фонд Дата: 01.01.1958 Книги
Изтеглен Не е изгубен Universal Decimal Classification Не е повреден без рестрикции заемане за дома 272257 Регионална библиотека "Любен Каравелов" Русе Регионална библиотека "Любен Каравелов" Русе Заемна - подръчен фонд 1958-01-01 Заемна - подръчен фонд 0.00 15523/58 П 886.7(081)/Е 53 15523/58 4 0.00 Вид: Сф N: стар фонд Дата: 01.01.1958 Книги
Vip Innovations Ltd, Rousse, Bulgaria 2025